| 000 | 00000nam 2200000za 4500 |
| 001 | 9.830495 |
| 003 | CaOODSP |
| 005 | 20240213112804 |
| 007 | cr ||||||||||| |
| 008 | 170113s2016 onca #o f001 0 fre d |
| 040 | |aCaOODSP|bfre |
| 043 | |an-cn--- |
| 086 | 1 |aRv4-47/2016F-PDF |
| 245 | 00|aRenseignements relatifs aux personnes handicapées, 2016 |h[ressource électronique]. |
| 260 | |a[Ottawa] : |bAgence du revenu du Canada, |c2016. |
| 300 | |a39 p. : |bill. |
| 500 | |aPubli. aussi en anglais sous le titre : Disability-related information, 2016. |
| 500 | |aEn tête du titre : Mesures fiscales pour personnes handicapées. |
| 520 | |a« Ce guide s’adresse aux personnes handicapées, ainsi qu’aux personnes qui subviennent à leurs besoins. Il traite des renseignements suivants : ■ les critères d’admissibilité au crédit d’impôt pour personnes handicapées et comment le demander; ■ les crédits d’impôt connexes que vous pouvez demander sur la déclaration de revenus et de prestations; ■ d’autres renseignements relatifs aux personnes handicapées. Ce guide utilise un langage simple pour expliquer les situations fiscales les plus courantes. Il est donné à titre indicatif seulement et ne remplace pas la loi. » -- p. 2. |
| 692 | 07|2gccst|aImpôt sur le revenu des particuliers |
| 692 | 07|2gccst|aManuel |
| 692 | 07|2gccst|aCrédit d'impôt |
| 692 | 07|2gccst|aPersonne handicapée |
| 710 | 2 |aAgence du revenu du Canada. |
| 775 | 08|tDisability-related information, 2016 |w(CaOODSP)9.830494 |
| 856 | 40|qPDF|s443 Ko|uhttps://publications.gc.ca/collections/collection_2017/arc-cra/Rv4-47-2016-fra.pdf |
| 986 | |aRC4064(F) Rev. 16 |